[Event "Kaluga Tsiolkovsky Memorial op"]
[Site "Kaluga"]
[Date "2016.08.15"]
[Round "9"]
[White "Meshkov, Vladimir I"]
[Black "Kachulin, Sergey"]
[Result "1/2-1/2"]
[WhiteElo "2123"]
[BlackElo "1999"]
[PlyCount "88"]
[EventDate "2016.08.06"]
[EventType "swiss"]
[EventRounds "9"]
[EventCountry "RUS"]
[SourceTitle "CBM 174 Extra"]
[Source "ChessBase"]
[SourceDate "2016.10.10"]
[SourceVersion "1"]
[SourceVersionDate "2016.10.10"]
[SourceQuality "1"]

1. d4 e6 2. c4 Nf6 3. Nf3 Bb4+ 4. Nbd2 0-0 5. a3 Bxd2+ 6. Qxd2 d6 7. b4 a5 8. Bb2 Qe7 9. e3 b6 10. Be2 Bb7 11. 0-0 Nbd7 12. Qc2 Rfe8 13. Rfc1 axb4 14. axb4 c5 15. Qb3 Bc6 16. Rxa8 Rxa8 17. Ra1 Qd8 18. Ra3 Rxa3 19. Bxa3 Qa8 20. Ne1 h6 21. f3 Qa7 22. Bb2 cxb4 23. Qxb4 Qa5 24. Qxa5 bxa5 25. Bc3 a4 26. Bb4 d5 27. c5 Ne8 28. Nd3 Nc7 29. Ba5 Na6 30. Nc1 Ndb8 31. Kf2 a3 32. Ke1 Ba4 33. Bc3 Kf8 34. Kd2 Ke7 35. e4 Kd7 36. exd5 exd5 37. Nd3 Nc7 38. Nb4 Nc6 39. Kc1 Nxb4 40. Bxb4 Nb5 41. Bxb5+ Bxb5 42. Bxa3 Bf1 43. g3 Bg2 44. f4 g6 1/2-1/2

[Event "Obninsk op"]
[Site "Obninsk"]
[Date "2009.07.??"]
[Round "1"]
[White "Matytsina, Nadejda"]
[Black "Meshkov, Vladimir I"]
[Result "0-1"]
[WhiteElo "1779"]
[BlackElo "2167"]
[PlyCount "82"]
[EventDate "2009.07.??"]
[EventType "swiss"]
[EventRounds "9"]
[EventCountry "RUS"]
[SourceTitle "CBM 131 Extra"]
[Source "ChessBase"]
[SourceDate "2009.09.03"]
[SourceVersion "2"]
[SourceVersionDate "2009.09.16"]
[SourceQuality "1"]

1. d4 d5 2. Nf3 e6 3. c4 f5 4. Bg5 Nf6 5. Nc3 c6 6. e3 Bd6 7. Bd3 0-0 8. 0-0 Qe8 9. c5 Bc7 10. b4 Ne4 11. Bxe4 fxe4 12. Ne5 Nd7 13. Nxd7 Bxd7 14. Bh4 Rf5 15. Bg3 Bxg3 16. fxg3 e5 17. Rxf5 Bxf5 18. Ne2 Bg4 19. Qf1 a5 20. h3 Bxe2 21. Qxe2 exd4 22. exd4 axb4 23. Qb2 e3 24. Qxb4 e2 25. Qd2 Qe4 26. Re1 Ra4 27. Rxe2 Qxd4+ 28. Qxd4 Rxd4 29. Re8+ Kf7 30. Rb8 Rc4 31. Rxb7+ Kf6 32. a4 Rxc5 33. Ra7 Rc2 34. a5 d4 35. Rd7 c5 36. a6 Ke6 37. Rd8 Ra2 38. Rc8 Kd5 39. Rc7 Rxa6 40. Rxg7 c4 41. Rxh7 c3 0-1

[Event "Obninsk op"]
[Site "Obninsk"]
[Date "2009.07.??"]
[Round "3"]
[White "Meshkov, Vladimir I"]
[Black "Domogaev, Sergey"]
[Result "0-1"]
[WhiteElo "2167"]
[BlackElo "2355"]
[PlyCount "68"]
[EventDate "2009.07.??"]
[EventType "swiss"]
[EventRounds "9"]
[EventCountry "RUS"]
[SourceTitle "CBM 131 Extra"]
[Source "ChessBase"]
[SourceDate "2009.09.03"]
[SourceVersion "2"]
[SourceVersionDate "2009.09.16"]
[SourceQuality "1"]

1. d4 Nf6 2. Nf3 d5 3. c4 c6 4. e3 g6 5. Bd3 Bg7 6. 0-0 0-0 7. b4 a5 8. b5 c5 9. Bb2 Nbd7 10. Nbd2 b6 11. Ne5 Bb7 12. Ndf3 Rc8 13. Rc1 e6 14. Qe2 Qc7 15. Rfd1 Qb8 16. Ba3 Rfd8 17. Nxd7 Nxd7 18. dxc5 Nxc5 19. Bb1 Na4 20. Nd4 dxc4 21. Qc2 Nc5 22. Qxc4 Qa8 23. f3 Bd5 24. Qf1 e5 25. Nc2 Na4 26. e4 Be6 27. Ne3 Rxd1 28. Nxd1 Bf8 29. Rxc8 Qxc8 30. Qd3 Bc5+ 31. Kh1 Bxa3 32. Qxa3 Qc4 33. Bd3 Qd4 34. Bc2 Qd2 0-1